<?xml version="1.0" encoding="UTF-8"?>
<record
    xmlns:xsi="http://www.w3.org/2001/XMLSchema-instance"
    xsi:schemaLocation="http://www.loc.gov/MARC21/slim http://www.loc.gov/standards/marcxml/schema/MARC21slim.xsd"
    xmlns="http://www.loc.gov/MARC21/slim">

  <leader>00830nam a22002652  4500</leader>
  <datafield tag="999" ind1=" " ind2=" ">
    <subfield code="c">17518</subfield>
    <subfield code="d">17518</subfield>
  </datafield>
  <controlfield tag="001">0000024115</controlfield>
  <controlfield tag="003">OSt</controlfield>
  <controlfield tag="005">20190306115054.0</controlfield>
  <controlfield tag="008">130611s         xx           000 0 eng d</controlfield>
  <datafield tag="020" ind1=" " ind2=" ">
    <subfield code="a">0273764020 :</subfield>
  </datafield>
  <datafield tag="040" ind1=" " ind2=" ">
    <subfield code="a">KABU</subfield>
    <subfield code="c">KABU</subfield>
  </datafield>
  <datafield tag="050" ind1=" " ind2=" ">
    <subfield code="a">QA76.625</subfield>
    <subfield code="b">.I58 2012 c. 1</subfield>
  </datafield>
  <datafield tag="100" ind1="1" ind2=" ">
    <subfield code="a">Deitel, Paul.</subfield>
  </datafield>
  <datafield tag="245" ind1="1" ind2="0">
    <subfield code="a">Internet &amp; World Wide Web :</subfield>
    <subfield code="b">how to program /</subfield>
    <subfield code="c">Paul Deitel, Harvey Deitel, Abbey Deitel</subfield>
  </datafield>
  <datafield tag="250" ind1=" " ind2=" ">
    <subfield code="a">5th ed.</subfield>
  </datafield>
  <datafield tag="260" ind1=" " ind2=" ">
    <subfield code="a">England :</subfield>
    <subfield code="b">Pearson Education Limited,</subfield>
    <subfield code="c">2012.</subfield>
  </datafield>
  <datafield tag="300" ind1=" " ind2=" ">
    <subfield code="a">955 p.</subfield>
  </datafield>
  <datafield tag="650" ind1=" " ind2="0">
    <subfield code="a">Internet programming.</subfield>
  </datafield>
  <datafield tag="650" ind1=" " ind2="0">
    <subfield code="a">World Wide Web.</subfield>
  </datafield>
  <datafield tag="700" ind1="1" ind2=" ">
    <subfield code="a">Deitel, Harvey.</subfield>
  </datafield>
  <datafield tag="700" ind1="1" ind2=" ">
    <subfield code="a">Deitel, Abbey</subfield>
  </datafield>
  <datafield tag="908" ind1=" " ind2=" ">
    <subfield code="a">130611</subfield>
  </datafield>
  <datafield tag="942" ind1=" " ind2=" ">
    <subfield code="2">lcc</subfield>
    <subfield code="c">BK</subfield>
    <subfield code="h">QA76.625</subfield>
    <subfield code="i">.I58 2012 c. 1</subfield>
    <subfield code="k">KTC</subfield>
  </datafield>
  <datafield tag="952" ind1=" " ind2=" ">
    <subfield code="0">0</subfield>
    <subfield code="1">0</subfield>
    <subfield code="2">lcc</subfield>
    <subfield code="7">0</subfield>
    <subfield code="a">KNTC</subfield>
    <subfield code="b">KNTC</subfield>
    <subfield code="d">2019-03-06</subfield>
    <subfield code="g">4780.17</subfield>
    <subfield code="l">0</subfield>
    <subfield code="o">QA76.625 .I58 2012 c. 1</subfield>
    <subfield code="p">023042</subfield>
    <subfield code="r">2019-03-21 00:00:00</subfield>
    <subfield code="t">c. 1</subfield>
    <subfield code="w">2019-03-06</subfield>
    <subfield code="y">BK</subfield>
  </datafield>
</record>
